[Event "1st IBCA European Team Chess Championship"]
[Site "Warsaw"]
[Date "1899-12-30"]
[Round "3.19"]
[White "Georgiev, Yordan Kirilov"]
[Black "Siret, Bernard"]
[Result "1-0"]
[WhiteTitle ""]
[BlackTitle ""]
[WhiteElo "1710"]
[BlackElo "1712"]

1. d4 f5 2. Nf3 Nf6 3. Bf4 e6 4. e3 Be7 5. Bd3 d5 6. Nbd2 O-O 7. Ne5 Nbd7 8. Ndf3
Ne4 9. Nxd7 Bxd7 10. Ne5 g5 11. Nxd7 Qxd7 12. Be5 Nf6 13. h3 c5 14. c3 c4 15.
Bc2 Qe8 16. Qe2 Nd7 17. Ba4 a6 18. Bxd7 Qxd7 19. O-O Bd6 20. Bxd6 Qxd6 21. f3
Qg3 22. Qf2 Qxf2+ 23. Rxf2 h5 24. Re1 Rae8 25. e4 fxe4 26. fxe4 Rxf2 27. Kxf2
Kf7 28. h4 g4 29. exd5 exd5 30. Rxe8 Kxe8 31. Kg3 Ke7 32. Kf4 Kf6 33. b3 cxb3
34. axb3 b5 35. b4 g3 1-0

[Event "1st IBCA European Team Chess Championship"]
[Site "Warsaw"]
[Date "1899-12-30"]
[Round "3.20"]
[White "Baue, Michel"]
[Black "Ilieva, Gabriela"]
[Result "1/2-1/2"]
[WhiteTitle ""]
[BlackTitle ""]
[WhiteElo "1700"]
[BlackElo "1510"]

1. e4 e6 2. d4 d5 3. Nd2 c5 4. exd5 Qxd5 5. dxc5 Bxc5 6. Ngf3 Nf6 7. Bc4 Qd6 8.
O-O O-O 9. Nb3 b6 10. Qxd6 Bxd6 11. h3 Bb7 12. Be2 Nbd7 13. Nbd4 Rac8 14. c4 Be4
15. Nb5 Bb8 16. b3 e5 17. Rd1 Bg6 18. Nh4 Be4 19. Nf3 Rcd8 20. Bb2 Rfe8 21. Nd6
Re6 22. Nxe4 Nxe4 23. Bd3 Nxf2 24. Bxh7+ Kxh7 25. Kxf2 Kg6 26. Rd5 Bc7 27. Rad1
Re7 28. Bxe5 Nxe5 29. Nxe5+ Rxe5 30. Rxd8 Bxd8 31. Rxd8 1/2-1/2

[Event "1st IBCA European Team Chess Championship"]
[Site "Warsaw"]
[Date "1899-12-30"]
[Round "3.21"]
[White "Van Loy, Rick"]
[Black "Cajzler, Hinko"]
[Result "1-0"]
[WhiteTitle ""]
[BlackTitle ""]
[WhiteElo "1899"]
[BlackElo "2099"]

1. e4 c5 2. Nf3 Nc6 3. d4 cxd4 4. Nxd4 Nf6 5. Nc3 e5 6. Ndb5 d6 7. Bg5 a6 8. Na3
b5 9. Nd5 Be7 10. Bxf6 Bxf6 11. c3 Bg5 12. Nc2 O-O 13. a4 bxa4 14. Rxa4 a5 15.
b4 Be6 16. b5 Ne7 17. Bc4 Bxd5 18. Bxd5 Nxd5 19. Qxd5 Qb6 20. O-O Rac8 21. c4
Rc5 22. Qd3 Rfc8 23. g3 g6 24. Kg2 Qc7 25. f4 exf4 26. gxf4 Bh6 27. Ne3 Qd8 28.
Nd5 Kh8 29. f5 Qh4 30. f6 Qg4+ 31. Kh1 Bf8 32. Rb1 h5 33. Rg1 Qe6 34. Rb1 Kh7
35. Rg1 Bh6 36. Rf1 Bg5 37. Rf2 Qe5 38. Nb6 Re8 39. Nd7 Qxe4+ 40. Qxe4 Rxe4 41.
Nxc5 Re1+ 42. Kg2 dxc5 43. Rxa5 Bh4 44. b6 1-0

[Event "1st IBCA European Team Chess Championship"]
[Site "Warsaw"]
[Date "1899-12-30"]
[Round "3.22"]
[White "Prpic, Milan"]
[Black "Harnandan, Sergio"]
[Result "0-1"]
[WhiteTitle ""]
[BlackTitle ""]
[WhiteElo "1834"]
[BlackElo "1897"]

1. c4 e5 2. Nc3 f5 3. e3 Nf6 4. d4 e4 5. Nge2 c6 6. Nf4 Bd6 7. Be2 O-O 8. O-O Bc7
9. b4 a6 10. Qb3 Kh8 11. Rd1 g5 12. Nh3 d5 13. Kh1 Qd6 14. g3 f4 15. Ng1 f3 16.
Bf1 Ng4 17. Rd2 Qh6 18. h3 Nxe3 19. fxe3 f2 20. Bb2 Bxh3 21. cxd5 fxg1=Q+ 0-1

[Event "1st IBCA European Team Chess Championship"]
[Site "Warsaw"]
[Date "1899-12-30"]
[Round "3.23"]
[White "Van Duuren, Louis"]
[Black "Began, Branko"]
[Result "1/2-1/2"]
[WhiteTitle ""]
[BlackTitle ""]
[WhiteElo "1890"]
[BlackElo "1836"]

1. e4 c6 2. d4 d5 3. e5 Bf5 4. Nf3 e6 5. Bd3 Bxd3 6. Qxd3 Qa5+ 7. c3 Qa6 8. Qxa6
Nxa6 9. Nbd2 c5 10. a3 Ne7 11. O-O Nc6 12. Re1 Nc7 13. Nf1 Be7 14. Be3 c4 15.
N3d2 Na5 16. f4 g6 17. Re2 h5 18. Nf3 Nb3 19. Rb1 b6 20. N1d2 Na5 21. h4 Rc8 22.
Bf2 O-O 23. Ng5 Ne8 24. Bg3 Ng7 25. Nf1 Nf5 26. Bf2 Rc6 27. Ne3 Nxe3 28. Rxe3
Nb3 29. Re2 b5 30. g3 a5 31. Nf3 b4 32. axb4 axb4 33. Be1 Rb8 34. Rd1 Ra6 35.
Rg2 Kg7 36. Nh2 bxc3 37. Bxc3 Kh7 38. Rf1 Rba8 39. Nf3 Ra1 40. Rgf2 R8a4 41. Rxa1
Rxa1+ 42. Rf1 1/2-1/2

[Event "1st IBCA European Team Chess Championship"]
[Site "Warsaw"]
[Date "1899-12-30"]
[Round "3.24"]
[White "Drazetic, Novica"]
[Black "Gundogmus, Alaettin"]
[Result "1/2-1/2"]
[WhiteTitle ""]
[BlackTitle ""]
[WhiteElo "1621"]
[BlackElo "1590"]

1. e4 e5 2. Nf3 Nc6 3. d4 exd4 4. Bc4 d6 5. Nxd4 Nxd4 6. Qxd4 Qf6 7. Be3 Qxd4 8.
Bxd4 Be6 9. Bd3 Ne7 10. O-O Nc6 11. Bc3 O-O-O 12. Nd2 Ne5 13. Be2 h5 14. h3 Rh7
15. f4 Nc6 16. f5 Bd7 17. Nf3 f6 18. Rad1 Ne5 19. Nxe5 dxe5 20. Rf3 Bc6 21. Rfd3
Rxd3 22. Bxd3 b6 23. g3 1/2-1/2

[Event "1st IBCA European Team Chess Championship"]
[Site "Warsaw"]
[Date "1899-12-30"]
[Round "4.1"]
[White "Babarykin, Stanislav"]
[Black "Tazbir, Marcin"]
[Result "1/2-1/2"]
[WhiteTitle "FM"]
[BlackTitle "GM"]
[WhiteElo "2372"]
[BlackElo "2524"]

1. e4 c5 2. Nf3 d6 3. Bb5+ Nd7 4. d4 cxd4 5. Qxd4 a6 6. Bxd7+ Bxd7 7. c4 e5 8.
Qd3 b5 9. Nc3 Qb6 10. Be3 Qb7 11. O-O Nf6 12. Nd2 Be7 13. Bg5 Rd8 14. Rfd1 O-O
15. cxb5 axb5 16. Bxf6 Bxf6 17. Nd5 Be6 18. Nxf6+ gxf6 19. Nf1 d5 1/2-1/2

[Event "1st IBCA European Team Chess Championship"]
[Site "Warsaw"]
[Date "1899-12-30"]
[Round "4.2"]
[White "Czajkowski, Adam"]
[Black "Meshkov, Yuri A."]
[Result "1-0"]
[WhiteTitle ""]
[BlackTitle "IM"]
[WhiteElo "2151"]
[BlackElo "2350"]

1. e4 c5 2. Nf3 a6 3. Nc3 g6 4. d4 cxd4 5. Qxd4 Nf6 6. e5 Nc6 7. Qh4 Nh5 8. Be3
Ng7 9. Bd3 Ne6 10. O-O-O Qa5 11. Bc4 b5 12. Bb3 b4 13. Nd5 Rb8 14. Rhe1 Bg7 15.
g4 h5 16. g5 Rb7 17. Qe4 Nc5 18. Qc4 Nxb3+ 19. Qxb3 O-O 20. Nh4 Kh7 21. f4 d6
22. exd6 Be6 23. f5 gxf5 24. g6+ fxg6 25. Nxg6 Rf7 26. Ngf4 Bxd5 27. Rxd5 Qd8
28. Ne6 Qg8 29. d7 Nd8 30. Ng5+ Kh8 31. Nxf7+ Qxf7 32. Bd4 e6 33. Qg3 Bxd4 34.
Rxd4 Rxd7 35. Qe5+ Kh7 36. Rxd7 Qxd7 37. Qf6 Nf7 38. Rxe6 1-0

[Event "1st IBCA European Team Chess Championship"]
[Site "Warsaw"]
[Date "1899-12-30"]
[Round "4.3"]
[White "Pakhomov, Alexey"]
[Black "Suder, Ryszard"]
[Result "1/2-1/2"]
[WhiteTitle "IM"]
[BlackTitle ""]
[WhiteElo "2338"]
[BlackElo "2142"]

1. c4 Nf6 2. d3 g6 3. e4 e5 4. Nc3 Bg7 5. g3 d6 6. Bg2 O-O 7. Nge2 Nc6 8. O-O Nd4
9. f4 c6 10. h3 Ne8 11. Be3 Nc7 12. Qd2 Be6 13. Rac1 Qd7 14. Kh2 Rad8 15. b4 b6
16. b5 c5 17. fxe5 dxe5 18. Nd5 Bxd5 19. exd5 Ne8 20. Nxd4 exd4 21. Bf4 Nd6 22.
Rce1 Rde8 23. h4 Rxe1 24. Rxe1 Re8 25. Bh3 Qd8 26. Rxe8+ Nxe8 27. Qe1 Bf6 28.
a4 h5 29. Bd2 Nd6 30. Bf4 Qe7 31. Qxe7 Bxe7 32. Kg2 Kf8 33. Kf3 f5 34. Bd2 Kf7
35. a5 Bd8 36. a6 Bc7 37. Bf4 Kf6 38. Bf1 Bb8 39. Bg2 Bc7 40. Bh3 Bb8 41. Ke2
Bc7 1/2-1/2

[Event "1st IBCA European Team Chess Championship"]
[Site "Warsaw"]
[Date "1899-12-30"]
[Round "4.4"]
[White "Zoltek, Tadeusz"]
[Black "Suslov, Evgeniy"]
[Result "1/2-1/2"]
[WhiteTitle "FM"]
[BlackTitle ""]
[WhiteElo "2148"]
[BlackElo "2221"]

1. Nf3 Nf6 2. c4 g6 3. g3 Bg7 4. Bg2 O-O 5. O-O d6 6. Nc3 Nc6 7. d3 e5 8. Rb1 a5
9. a3 Re8 10. Ne1 Ne7 11. e4 Nc6 12. Nc2 Nd7 13. b4 axb4 14. axb4 Nf8 15. b5 Ne7
16. Be3 Ne6 17. Ra1 Rxa1 18. Qxa1 Nc5 19. Nb4 Be6 20. Qa7 Nc8 21. Qa3 Nb6 22.
Ncd5 Bxd5 23. Nxd5 Nxd5 24. cxd5 b6 25. Bh3 Bf6 26. f3 Kg7 27. Qc3 Rh8 28. Ra1
Qe8 29. Ra7 Qb8 30. Ra3 Qe8 31. Ra7 Qb8 32. Ra3 Qe8 33. Ra7 1/2-1/2

[Event "1st IBCA European Team Chess Championship"]
[Site "Warsaw"]
[Date "1899-12-30"]
[Round "4.5"]
[White "Nizam, Rasim"]
[Black "Grigorchuk, Sergey"]
[Result "0-1"]
[WhiteTitle "IM"]
[BlackTitle "CM"]
[WhiteElo "2185"]
[BlackElo "2267"]

1. e4 e6 2. d4 d5 3. Nc3 Bb4 4. e5 c5 5. a3 Bxc3+ 6. bxc3 Ne7 7. Nf3 Qa5 8. Bd2
Nbc6 9. a4 Bd7 10. Bb5 Qc7 11. O-O O-O 12. Bd3 h6 13. Re1 c4 14. Bf1 f6 15. Bf4
Ng6 16. Bg3 f5 17. h4 f4 18. Bh2 Qd8 19. g3 fxg3 20. fxg3 Qa5 21. Re3 Nge7 22.
g4 Ng6 23. Bh3 Nf4 24. Bxf4 Rxf4 25. Qe1 Raf8 26. Qg3 g6 27. Nh2 b5 28. Ree1 bxa4
29. Rf1 Rxf1+ 30. Nxf1 a3 31. Ra2 a6 32. Qe3 Kg7 33. Nd2 Na7 34. Nb1 Rb8 35. Qc1
Nb5 36. Kg2 Nxc3 37. Rxa3 Rxb1 38. Qf4 Qxa3 39. Qf6+ Kg8 40. Qxg6+ Kf8 41. g5
h5 42. Qh6+ Ke8 43. Bxe6 Bxe6 44. Qxe6+ Qe7 45. Qc8+ Kf7 46. Qh8 Qe6 0-1

[Event "1st IBCA European Team Chess Championship"]
[Site "Warsaw"]
[Date "1899-12-30"]
[Round "4.6"]
[White "Wassin, Sergej"]
[Black "Todorov, Aleksandar"]
[Result "1-0"]
[WhiteTitle "FM"]
[BlackTitle ""]
[WhiteElo "2298"]
[BlackElo "1951"]

1. d4 d5 2. Nf3 Bf5 3. Bf4 e6 4. e3 Bd6 5. Be2 h6 6. Nbd2 Nf6 7. Ne5 O-O 8. g4
Bh7 9. g5 hxg5 10. Bxg5 Be7 11. Rg1 Kh8 12. Bd3 Bxd3 13. cxd3 Nbd7 14. Qf3 Nxe5
15. dxe5 Nh7 16. Bxe7 Qxe7 17. O-O-O f6 18. exf6 Rxf6 19. Qg3 e5 20. Nf3 Re6 21.
Nh4 Qf6 22. e4 d4 23. Kb1 c5 24. Rc1 Rc8 25. Qh3 Ree8 26. Rg6 Qf7 27. Rcg1 c4
28. Rxg7 Qxg7 29. Rxg7 Kxg7 30. Qd7+ Kf6 31. Qxh7 cxd3 32. Qg6+ Ke7 33. Nf5+ 1-0

[Event "1st IBCA European Team Chess Championship"]
[Site "Warsaw"]
[Date "1899-12-30"]
[Round "4.7"]
[White "Georgiev, Yordan Kirilov"]
[Black "Tuka, Oleg"]
[Result "0-1"]
[WhiteTitle ""]
[BlackTitle "IM"]
[WhiteElo "1710"]
[BlackElo "2429"]

1. d4 Nf6 2. Bf4 c5 3. c3 e6 4. e3 Be7 5. h3 b6 6. Nf3 Bb7 7. Bd3 d6 8. O-O O-O
9. Qe2 a6 10. Nbd2 Nbd7 11. Rfd1 Qc7 12. Bg3 Rfc8 13. Rac1 b5 14. c4 Qb6 15. b3
Bc6 16. Bb1 d5 17. cxd5 Bxd5 18. e4 Bb7 19. e5 Nd5 20. Qd3 Nf8 21. dxc5 Bxc5 22.
Ne4 Ba3 23. Rxc8 Rxc8 24. Nd6 Bxd6 25. exd6 f6 26. Re1 e5 27. Nh4 Rc3 28. Qf5
Rxg3 29. d7 Rc3 30. Be4 Qc7 31. Rd1 Rc1 32. Bxd5+ Bxd5 33. Qd3 Rxd1+ 34. Qxd1
Qxd7 35. Nf5 Be6 36. Qxd7 Bxd7 37. Nd6 Ne6 38. Ne4 Bc6 39. Nd6 Kf8 40. Nf5 Nd4
41. Ne3 Ke7 42. f3 Ke6 43. Kf2 f5 44. Nf1 b4 45. Ne3 Bd5 46. Nd1 Nb5 47. Nb2 Nc3
48. Nd3 Nxa2 49. Nc5+ Kd6 50. Nxa6 Bxb3 0-1

[Event "1st IBCA European Team Chess Championship"]
[Site "Warsaw"]
[Date "1899-12-30"]
[Round "4.8"]
[White "Shepelev, Igor"]
[Black "Ilieva, Gabriela"]
[Result "1-0"]
[WhiteTitle ""]
[BlackTitle ""]
[WhiteElo "2021"]
[BlackElo "1510"]

1. Nf3 Nf6 2. g3 g6 3. b3 Bg7 4. Bb2 c5 5. c4 Nc6 6. Bg2 d6 7. O-O O-O 8. d4 d5
9. dxc5 dxc4 10. Qc2 cxb3 11. axb3 Bf5 12. Qc4 Qc8 13. b4 a6 14. Rc1 Qe6 15. Nbd2
Qxc4 16. Nxc4 Nxb4 17. Nb6 Rad8 18. Nh4 Be4 19. Bxe4 Nxe4 20. Bxg7 Kxg7 21. Rc4
Nxc5 22. Rxc5 Rd6 23. Nc4 Rc6 24. Rxc6 Nxc6 25. Na5 Nxa5 26. Rxa5 Ra8 27. f4 b5
28. Nf3 Kf6 29. Kf2 h6 30. Nd4 b4 31. e4 Rd8 32. Rxa6+ 1-0

[Event "1st IBCA European Team Chess Championship"]
[Site "Warsaw"]
[Date "1899-12-30"]
[Round "4.9"]
[White "Palacios Perez, Manuel"]
[Black "Mueller, Oliver"]
[Result "1-0"]
[WhiteTitle ""]
[BlackTitle "FM"]
[WhiteElo "2163"]
[BlackElo "2266"]

1. d4 Nf6 2. c4 e6 3. Nc3 Bb4 4. Qc2 O-O 5. e4 d5 6. e5 Ne4 7. Bd3 c5 8. Nf3 cxd4
9. Nxd4 dxc4 10. Bxe4 Qxd4 11. Bf4 Nc6 12. Rd1 Qc5 13. Bxh7+ Kh8 14. O-O Bxc3
15. bxc3 Nxe5 16. Rfe1 Ng4 17. Bd6 Qh5 18. Bxf8 Qxh2+ 19. Kf1 Qxh7 20. Qxh7+ Kxh7
21. Re4 Nf6 22. Rh4+ Kg6 23. Rd8 b5 24. Rh8 Bb7 25. Rxa8 Bxa8 26. Bc5 Be4 27.
f3 Bb1 28. a3 Nd5 29. Bb4 e5 30. Rd8 Nf6 31. Ra8 e4 32. fxe4 Bxe4 33. Rxa7 Nd5
34. Kf2 f5 35. Ra5 Kg5 36. Rxb5 Kg4 37. Rc5 f4 38. Rxc4 Bxg2 39. Rd4 Ne3 40. c4
g5 41. c5 Nf5 42. Rd8 Bc6 43. Rc8 Bd5 44. c6 Ng3 45. c7 Ne4+ 46. Kg1 Kf3 47. Rd8
1-0

[Event "1st IBCA European Team Chess Championship"]
[Site "Warsaw"]
[Date "1899-12-30"]
[Round "4.10"]
[White "Eichstaedt, Mirko"]
[Black "Fernandez Manrique, Agustin"]
[Result "1-0"]
[WhiteTitle ""]
[BlackTitle ""]
[WhiteElo "2241"]
[BlackElo "2147"]

1. d4 Nf6 2. Nf3 g6 3. g3 Bg7 4. Bg2 O-O 5. O-O d6 6. a4 Nc6 7. a5 a6 8. d5 Nb8
9. Nc3 e5 10. dxe6 Bxe6 11. Nd4 Bc8 12. e4 Nbd7 13. h3 Nc5 14. Re1 Re8 15. b4
Ncxe4 16. Nxe4 Nxe4 17. Rxe4 Rxe4 18. Bxe4 c5 19. Nb3 Bxa1 20. Nxa1 cxb4 21. Bb2
Bxh3 22. Qd4 f6 23. Qd5+ Kf8 24. Qxb7 Rc8 25. Qxh7 Be6 26. Bxg6 Rc7 27. Qh8+ Bg8
28. Bxf6 1-0

[Event "1st IBCA European Team Chess Championship"]
[Site "Warsaw"]
[Date "1899-12-30"]
[Round "4.11"]
[White "Clemente Llamero, Roberto"]
[Black "Mueller, Thorsten"]
[Result "1-0"]
[WhiteTitle ""]
[BlackTitle ""]
[WhiteElo "2162"]
[BlackElo "2123"]

1. e4 e6 2. d4 d5 3. Nd2 Nf6 4. e5 Nfd7 5. Bd3 c5 6. c3 Nc6 7. Ne2 cxd4 8. cxd4
f6 9. exf6 Nxf6 10. O-O Bd6 11. Nf3 O-O 12. Bg5 Qc7 13. Bh4 Nh5 14. Qc2 h6 15.
Bh7+ Kh8 16. Bg6 Nf4 17. Nxf4 Bxf4 18. Bg3 Qb6 19. Rad1 Bd7 20. Rfe1 Rac8 21.
Qe2 Bxg3 22. hxg3 e5 23. dxe5 Bg4 24. e6 Ne7 25. Bf7 Rc6 26. Qe3 Bxf3 27. gxf3
Rfc8 28. Qxb6 Rxb6 29. Rd2 g5 30. Kg2 Kg7 31. Re3 Kf6 32. Ra3 a6 33. Ra4 Rbc6
34. f4 R8c7 35. fxg5+ hxg5 36. Rb4 Rc5 37. Rb3 Nc6 38. Rf3+ Ke7 39. Rf5 g4 40.
Rfxd5 Rxd5 41. Rxd5 Nd8 42. Rd4 Nxf7 43. exf7 Kxf7 44. Rxg4 Rc2 45. Rb4 b5 46.
a4 bxa4 47. Rxa4 Rxb2 48. Rxa6 Kg8 49. Kf3 Rb4 50. g4 Kf7 51. Kg3 Rb3+ 52. f3
Rc3 53. g5 Rc5 54. Kg4 Rb5 55. f4 Rb4 56. g6+ Kg7 57. Kg5 Rb1 58. Ra7+ Kg8 59.
f5 Rb5 60. Kh6 Rxf5 61. Ra8+ Rf8 62. Rxf8+ Kxf8 63. Kh7 1-0

[Event "1st IBCA European Team Chess Championship"]
[Site "Warsaw"]
[Date "1899-12-30"]
[Round "4.12"]
[White "Schellmann, Frank"]
[Black "Draghici Flutur, Gavril"]
[Result "1/2-1/2"]
[WhiteTitle "CM"]
[BlackTitle ""]
[WhiteElo "2068"]
[BlackElo "2094"]

1. e4 c5 2. Nf3 Nc6 3. Bb5 g6 4. Bxc6 bxc6 5. O-O Bg7 6. Re1 Nh6 7. c3 O-O 8. d4
Qb6 9. h3 f6 10. b3 cxd4 11. cxd4 d6 12. Nc3 Bd7 13. Be3 Qa6 14. Rc1 Rad8 15.
Qd2 Nf7 16. b4 g5 17. d5 Ne5 18. Nxe5 dxe5 19. Qb2 cxd5 20. Nxd5 e6 21. Nc3 Rb8
22. Red1 Rfd8 23. Bc5 Bf8 24. Bxf8 Kxf8 25. Qb3 Ke7 26. a4 Be8 27. b5 Qa5 28.
Na2 Rd4 29. Rxd4 exd4 30. e5 f5 31. Qa3+ Kf7 32. Qd6 Rb7 33. Qxd4 Rd7 34. Qb4
Qd8 35. Qe1 Rd4 36. Nc3 Qa5 37. Qe3 Qd8 38. Nd5 Rxd5 39. Qxa7+ Rd7 40. Qe3 f4
41. Qe2 Rd2 42. Qf3 Kg7 43. h4 h6 44. hxg5 hxg5 45. Qg4 Rxf2 46. Rc7+ Qxc7 47.
Qxg5+ Bg6 48. Kxf2 Qc2+ 49. Kf3 Qe4+ 50. Kf2 Qd4+ 51. Kf1 Qd3+ 1/2-1/2

[Event "1st IBCA European Team Chess Championship"]
[Site "Warsaw"]
[Date "1899-12-30"]
[Round "4.14"]
[White "Chojnowski, Marcin"]
[Black "Donmez, Unal"]
[Result "1-0"]
[WhiteTitle ""]
[BlackTitle ""]
[WhiteElo "1983"]
[BlackElo "1827"]

1. e4 e5 2. Nf3 Nc6 3. Bb5 a6 4. Bxc6 dxc6 5. O-O Bg4 6. d3 Bd6 7. Nbd2 b5 8. h3
Bh5 9. c3 c5 10. Re1 Ne7 11. a4 c6 12. Nf1 Bxf3 13. Qxf3 O-O 14. Ng3 b4 15. Be3
bxc3 16. bxc3 Qa5 17. d4 cxd4 18. cxd4 Rab8 19. Qg4 Rfe8 20. f4 exf4 21. Nh5 Ng6
22. Bxf4 f5 23. Qg5 Bxf4 24. Nxf4 Qd2 25. Ne6 Qxg5 26. Nxg5 h6 27. exf5 Nh4 28.
Ne6 Nxf5 29. g4 Nh4 30. Re2 Re7 31. Nf4 Rf7 32. Rf1 Rbf8 33. Ref2 g5 34. Ne6 Rxf2
35. Rxf2 Re8 36. Rf6 Kh7 37. Kf2 Ng6 38. Nc5 Rd8 39. Ke3 Re8+ 40. Kd3 Nf4+ 41.
Kc4 Rc8 42. Nxa6 Kg7 43. Rd6 Nxh3 44. Nb4 h5 45. gxh5 g4 46. Rg6+ Kf7 47. Rxg4
Ke7 48. a5 Kd7 49. a6 Kc7 50. Kc5 Nf2 51. Rg7+ 1-0

[Event "1st IBCA European Team Chess Championship"]
[Site "Warsaw"]
[Date "1899-12-30"]
[Round "4.15"]
[White "Aksu, Mumin"]
[Black "Barnowski, Sylwester"]
[Result "1-0"]
[WhiteTitle ""]
[BlackTitle ""]
[WhiteElo "1781"]
[BlackElo "1889"]

1. e4 Nf6 2. e5 Nd5 3. d4 d6 4. f4 g6 5. Bc4 Nb6 6. Bb3 dxe5 7. fxe5 Nc6 8. c3
Bg7 9. Nf3 Bf5 10. a4 a5 11. O-O O-O 12. Nbd2 Bg4 13. Qe1 Bxf3 14. Nxf3 e6 15.
Bg5 Ne7 16. Qh4 Re8 17. g4 Nd7 18. Rf2 Nf8 19. Raf1 Qd7 20. Nd2 Nd5 21. Ne4 b6
22. Rxf7 Qxf7 23. Rxf7 Kxf7 24. c4 Nb4 25. Qf2+ Kg8 26. Nf6+ Bxf6 27. Bxf6 Nd7
28. Qh4 Nxf6 29. Qxf6 Rad8 30. d5 exd5 31. e6 c6 32. h4 Rb8 33. cxd5 cxd5 34.
e7 Rb7 35. Qe6+ Kg7 36. Qe5+ Kf7 37. Bxd5+ Nxd5 38. Qxd5+ Kxe7 39. Qxb7+ 1-0

[Event "1st IBCA European Team Chess Championship"]
[Site "Warsaw"]
[Date "1899-12-30"]
[Round "4.17"]
[White "Rositsan, Boris"]
[Black "Van Loy, Rick"]
[Result "1-0"]
[WhiteTitle "FM"]
[BlackTitle ""]
[WhiteElo "2091"]
[BlackElo "1899"]

1. d4 e6 2. e4 d5 3. Nc3 Nf6 4. exd5 Nxd5 5. Ne4 Be7 6. Nf3 O-O 7. c3 b6 8. a3
Bb7 9. Bd3 Nd7 10. Qc2 N5f6 11. Ng3 c5 12. Be3 cxd4 13. Bxd4 Qc7 14. O-O-O Rfd8
15. Rhe1 Rac8 16. Ng5 Nf8 17. Bxf6 Bxf6 18. Nxh7 Nxh7 19. Bxh7+ Kf8 20. Be4 Qf4+
21. Kb1 Rxd1+ 22. Rxd1 Bxe4 23. Nxe4 Be7 24. g3 Qf3 25. h4 f5 26. Ng5 Bxg5 27.
hxg5 Rc4 28. Qd2 Re4 29. g6 1-0

[Event "1st IBCA European Team Chess Championship"]
[Site "Warsaw"]
[Date "1899-12-30"]
[Round "4.18"]
[White "Harnandan, Sergio"]
[Black "Grybas, Gintaras"]
[Result "0-1"]
[WhiteTitle ""]
[BlackTitle ""]
[WhiteElo "1897"]
[BlackElo "2012"]

1. d4 d5 2. e4 dxe4 3. Nc3 Nf6 4. f3 exf3 5. Nxf3 Bg4 6. h3 Bh5 7. Bd3 e6 8. O-O
Be7 9. Be3 O-O 10. Qe1 Bg6 11. Bxg6 hxg6 12. Qh4 Nh7 13. Qg4 Nd7 14. Ne5 Nhf6
15. Qe2 Nxe5 16. dxe5 Nd5 17. Nxd5 Qxd5 18. Rad1 Qxe5 19. Qf2 Bd6 20. Rxd6 cxd6
21. Bd4 Qd5 22. Bxa7 e5 23. b3 b5 24. c4 bxc4 25. bxc4 Qxc4 26. a3 Qa6 27. Be3
Qxa3 28. Kh2 Qb3 29. Bg5 Qe6 30. Qh4 Ra2 31. Be7 Rc8 32. Bg5 Rcc2 33. Bd2 g5 34.
Qxg5 f6 0-1

[Event "1st IBCA European Team Chess Championship"]
[Site "Warsaw"]
[Date "1899-12-30"]
[Round "4.19"]
[White "Novikovas, Anatolijus"]
[Black "Van Duuren, Louis"]
[Result "1-0"]
[WhiteTitle ""]
[BlackTitle ""]
[WhiteElo "1856"]
[BlackElo "1890"]

1. e4 d5 2. exd5 Nf6 3. d4 Nxd5 4. Nf3 Bg4 5. c4 Nb6 6. Nc3 e6 7. h3 Bh5 8. g4
Bg6 9. Ne5 N8d7 10. Nxg6 hxg6 11. Bg2 c6 12. d5 cxd5 13. O-O Be7 14. cxd5 Nxd5
15. Nxd5 exd5 16. Qxd5 Nc5 17. Rd1 Qxd5 18. Rxd5 Rd8 19. Rxd8+ Kxd8 20. Be3 Kc7
21. Rc1 Rd8 22. Bxc5 Bxc5 23. Rxc5+ Kb6 24. Rd5 Rxd5 25. Bxd5 f6 26. f4 1-0

[Event "1st IBCA European Team Chess Championship"]
[Site "Warsaw"]
[Date "1899-12-30"]
[Round "4.20"]
[White "Gundogmus, Alaettin"]
[Black "Slusnys, Evaldas"]
[Result "0-1"]
[WhiteTitle ""]
[BlackTitle ""]
[WhiteElo "1590"]
[BlackElo "1888"]

1. d4 Nf6 2. c4 c5 3. Nf3 cxd4 4. Nxd4 e5 5. Nb3 d5 6. cxd5 Qxd5 7. Qxd5 Nxd5 8.
e4 Nb4 9. Na3 Be6 10. Bd2 N8c6 11. Bb5 Rd8 12. Bxc6+ bxc6 13. Bc3 Nxa2 14. Rxa2
Bxb3 15. Ra1 f6 16. O-O Bc5 17. Kh1 O-O 18. f3 Rd3 19. h3 Rfd8 20. Rac1 Be3 21.
Ra1 R8d7 22. Rfe1 g5 23. Rab1 h5 24. Rf1 Kf7 25. Rbe1 Ke6 26. g4 Bd2 27. Bxd2
Rxd2 28. Nb1 Rxb2 29. Re3 a5 30. Rc3 Rc7 31. Rfc1 c5 32. Na3 hxg4 33. fxg4 c4
34. Kg1 a4 35. Kh1 Re2 36. Kg1 Rxe4 37. Nb5 Rc5 38. Na3 Re2 39. Kf1 Rh2 40. Kg1
Ra2 41. Nxc4 Rxc4 42. Rxc4 Bxc4 43. Rxc4 Kd5 0-1

[Event "1st IBCA European Team Chess Championship"]
[Site "Warsaw"]
[Date "1899-12-30"]
[Round "4.21"]
[White "Deville, Olivier"]
[Black "Hilton, Stephen H"]
[Result "1/2-1/2"]
[WhiteTitle ""]
[BlackTitle ""]
[WhiteElo "1849"]
[BlackElo "1894"]

1. c4 f5 2. g3 Nf6 3. Bg2 g6 4. Nc3 Bg7 5. d4 d6 6. Nf3 O-O 7. O-O Nc6 8. d5 Na5
9. Nd2 c5 10. Rb1 e5 11. dxe6 Bxe6 12. Nd5 Nc6 13. Nxf6+ Bxf6 14. b3 Qc7 15. Qc2
Rae8 16. Bb2 Nd4 17. Qd1 Qg7 18. e3 Ne2+ 19. Qxe2 Bxb2 20. Nf3 Bf6 21. Rfd1 Rd8
22. Ne1 g5 23. Bd5 Rfe8 24. Qf3 Be5 25. Qxf5 Bxd5 26. Rxd5 Rf8 27. Qg4 Qg6 28.
Rbd1 h5 29. Qe2 g4 30. Nd3 Bf6 31. Nf4 Qh6 32. Qd3 Kg7 33. Ng2 Qg6 34. Nf4 Qh6
35. Ng2 Qg6 36. Nf4 1/2-1/2

[Event "1st IBCA European Team Chess Championship"]
[Site "Warsaw"]
[Date "1899-12-30"]
[Round "4.22"]
[White "Armstrong, William G"]
[Black "Sojka, Bernard"]
[Result "1-0"]
[WhiteTitle ""]
[BlackTitle ""]
[WhiteElo "1839"]
[BlackElo "1755"]

1. Nf3 Nc6 2. e4 e5 3. Bb5 a6 4. Ba4 Nf6 5. O-O Be7 6. Re1 b5 7. Bb3 O-O 8. c3
d5 9. d3 dxe4 10. dxe4 Qxd1 11. Bxd1 Nd7 12. Nbd2 Nc5 13. Bc2 Rd8 14. Nb3 Ne6
15. g3 h6 16. Be3 Ng5 17. Nxg5 hxg5 18. Kg2 Rd6 19. Nd2 Rh6 20. h4 f6 21. Rh1
Be6 22. Bb3 Kf7 23. Bxe6+ Kxe6 24. hxg5 fxg5 25. Nf3 Rg6 26. Rh5 g4 27. Nh4 Bxh4
28. gxh4 Rf8 29. Rg5 Rxg5 30. hxg5 Rf3 31. Rh1 Ne7 32. Rh4 Ng6 33. Rxg4 Rf7 34.
Kg3 c6 35. f4 exf4+ 36. Bxf4 Nxf4 37. Rxf4 Rxf4 38. Kxf4 a5 39. b4 axb4 40. cxb4
g6 41. e5 Kd5 42. a3 c5 43. bxc5 Kxc5 44. Ke4 Kc6 45. Kd4 Kd7 46. Kd5 Ke7 47.
e6 Ke8 48. Kc6 Ke7 49. Kxb5 Kxe6 50. a4 1-0

[Event "1st IBCA European Team Chess Championship"]
[Site "Warsaw"]
[Date "1899-12-30"]
[Round "4.23"]
[White "Siret, Bernard"]
[Black "Whittle, Les V"]
[Result "1-0"]
[WhiteTitle ""]
[BlackTitle ""]
[WhiteElo "1712"]
[BlackElo "1771"]

1. e4 c5 2. Nf3 Nc6 3. d4 cxd4 4. Nxd4 g6 5. Nc3 Bg7 6. Be3 Nf6 7. f3 O-O 8. Bc4
Qa5 9. Qd2 Qb4 10. Nxc6 dxc6 11. Bb3 Qa5 12. O-O-O Bd7 13. Bh6 Rfd8 14. Bxg7 Kxg7
15. Qf4 b5 16. e5 Nh5 17. Qxf7+ Kh8 18. g4 Ng7 19. Qxe7 Bxg4 20. fxg4 Re8 21.
Qb7 Rac8 22. Rd7 Rb8 23. Qxc6 Qb4 24. Qf6 Qf8 25. Rf7 Qg8 26. Rxa7 Qf8 27. Rf7
Qg8 28. Rd1 Rbc8 29. Rdd7 1-0

[Event "1st IBCA European Team Chess Championship"]
[Site "Warsaw"]
[Date "1899-12-30"]
[Round "5.1"]
[White "Tazbir, Marcin"]
[Black "Grigorchuk, Sergey"]
[Result "1-0"]
[WhiteTitle "GM"]
[BlackTitle "CM"]
[WhiteElo "2524"]
[BlackElo "2267"]

1. e4 e6 2. d4 d5 3. Nc3 Bb4 4. e5 c5 5. a3 Bxc3+ 6. bxc3 Ne7 7. Qg4 O-O 8. Nf3
Nbc6 9. Bd3 f5 10. exf6 Rxf6 11. Qh5 h6 12. Ne5 c4 13. Be2 Qc7 14. Ng4 Rf5 15.
Qh4 Qa5 16. Bd2 Rf8 17. Qg3 Kh7 18. Qd6 Rd8 19. Qf4 Bd7 20. Nxh6 gxh6 21. Qxh6+
Kg8 22. h4 Rf8 23. Qg5+ Kh8 24. Qh6+ Kg8 25. Rh3 Nf5 26. Qg5+ Kh8 27. Qh5+ Kg8
28. Qg5+ Kh8 29. Bg4 Rg8 30. Qf6+ Rg7 31. Bxf5 Qd8 32. Qh6+ 1-0